000 00712nam a2200289Ia 4500
005 20260324115944.0
008 008 260324s9999 xx 000 0 eng d
020 _a9781315588490
037 _aEBOOK
040 _aCRL
040 _beng
040 _cCRL
041 _2eng
041 _aeng
084 _qCRL
100 _aFredrick Muyia Nafukho; Meleckidzedeck Khayesi
_91156652
245 0 _aInformal Public Transport in Practice
245 0 _bMatatu Entrepreneurship
260 _bTaylor and Francis
260 _c2015
365 _a
365 _b230
856 _uhttp://www.taylorfrancis.com/books/9781315588490
942 _cEBOOK
999 _c1747915
_d1747915